Výhledové tendence sociálně ekonomického rozvoje ČSR podklady pro komplexní prognózu sociálního a ekonomického rozvoje ČSSR do roku 2000 vypracované v 2. etapě prací na usnesení vlády ČSSR

Na minha lista:
Detalhes bibliográficos
Formato: Livro
Idioma:tcheco
Publicado em: Ostrava Výzkumný ústav rozvoja oblasti a měst 1980
Tags: Adicionar Tag
Sem tags, seja o primeiro a adicionar uma tag!

MARC

LEADER 00000nam a2200000 4500
001 c141825
005 20181203150522.5
041 0 |a cze 
044 |a CZ 
245 1 0 |a Výhledové tendence sociálně ekonomického rozvoje ČSR  |b podklady pro komplexní prognózu sociálního a ekonomického rozvoje ČSSR do roku 2000 vypracované v 2. etapě prací na usnesení vlády ČSSR 
264 1 |a Ostrava  |b Výzkumný ústav rozvoja oblasti a měst  |c 1980 
300 |a 76 s.